The external electric field of a phosphate glass in an electron beam; Russian Physics Journal; Vol. 18, iss. 9

書誌詳細
Parent link:Russian Physics Journal.— , 1965-
Vol. 18, iss. 9.— 1975.— [P. 1333-1335]
その他の著者: Zavadovskaya E. K., Starodubtsev V. A. Viacheslav Alekseevich, Fedorov B. V., Kutukova E. S.
要約:Title screen
Режим доступа: по договору с организацией-держателем ресурса
言語:英語
出版事項: 1975
主題:
オンライン・アクセス:http://dx.doi.org/10.1007/BF00892737
フォーマット: MixedMaterials 電子媒体 図書の章
KOHA link:https://koha.lib.tpu.ru/cgi-bin/koha/opac-detail.pl?biblionumber=652323

MARC

LEADER 00000naa0a2200000 4500
001 652323
005 20250331112537.0
035 |a (RuTPU)RU\TPU\network\17595 
035 |a RU\TPU\network\17594 
090 |a 652323 
100 |a 20161216d1975 k||y0rusy50 ba 
101 0 |a eng 
135 |a drcn ---uucaa 
181 0 |a i  
182 0 |a b 
200 1 |a The external electric field of a phosphate glass in an electron beam  |f E. K. Zavadovskaya [et al.] 
203 |a Text  |c electronic 
300 |a Title screen 
320 |a [References: p. 1335 (4 tit.)] 
333 |a Режим доступа: по договору с организацией-держателем ресурса 
461 |t Russian Physics Journal  |d 1965- 
463 |t Vol. 18, iss. 9  |v [P. 1333-1335]  |d 1975 
610 1 |a электронный ресурс 
610 1 |a труды учёных ТПУ 
610 1 |a стекла 
610 1 |a электронные пучки 
610 1 |a облучение 
610 1 |a заряды 
701 1 |a Zavadovskaya  |b E. K. 
701 1 |a Starodubtsev  |b V. A.  |c physicist  |c Professor of Tomsk Polytechnic University, doctor of pedagogical sciences  |f 1943-  |g Viacheslav Alekseevich  |3 (RuTPU)RU\TPU\pers\36937  |9 19956 
701 1 |a Fedorov  |b B. V. 
701 1 |a Kutukova  |b E. S. 
801 2 |a RU  |b 63413507  |c 20161216  |g RCR 
856 4 0 |u http://dx.doi.org/10.1007/BF00892737 
942 |c CF